Thomas Edison / (Record no. 2447)
[ view plain ]
| 000 -LEADER | |
|---|---|
| fixed length control field | 01123cam a22003377a 4500 |
| 005 - DATE AND TIME OF LATEST TRANSACTION | |
| control field | 20240927095139.0 |
| 020 ## - INTERNATIONAL STANDARD BOOK NUMBER | |
| International Standard Book Number | 9780756652067 |
| 020 ## - INTERNATIONAL STANDARD BOOK NUMBER | |
| International Standard Book Number | 0756652065 |
| 020 ## - INTERNATIONAL STANDARD BOOK NUMBER | |
| International Standard Book Number | 9780756652074 |
| 020 ## - INTERNATIONAL STANDARD BOOK NUMBER | |
| International Standard Book Number | 0756652073 |
| 040 ## - CATALOGING SOURCE | |
| Original cataloging agency | CO2 |
| Transcribing agency | CO2 |
| Modifying agency | CO2 |
| -- | OCLCQ |
| -- | VP@ |
| -- | XL4 |
| -- | DLC |
| Language of cataloging | eng |
| 050 00 - LIBRARY OF CONGRESS CALL NUMBER | |
| Classification number | TK140.E3 |
| Item number | A628 2009 |
| 082 04 - DEWEY DECIMAL CLASSIFICATION NUMBER | |
| Classification number | 621.3092 |
| -- | B |
| Edition number | 22 |
| 100 1# - MAIN ENTRY--PERSONAL NAME | |
| Personal name | Adkins, Jan |
| Dates associated with a name | 1944- |
| 245 10 - TITLE STATEMENT | |
| Title | Thomas Edison / |
| Statement of responsibility, etc. | Jan Adkins |
| 250 ## - EDITION STATEMENT | |
| Edition statement | First American Edition, 2009 |
| 260 ## - PUBLICATION, DISTRIBUTION, ETC. | |
| Place of publication, distribution, etc. | New York : |
| Name of publisher, distributor, etc. | DK Publishing, |
| Date of publication, distribution, etc. | 2009 |
| 300 ## - PHYSICAL DESCRIPTION | |
| Extent | 128 pages : |
| Other physical details | color illustrations ; |
| Dimensions | 21 cm |
| 490 1# - SERIES STATEMENT | |
| Series statement | DK biography |
| 505 ## - FORMATTED CONTENTS NOTE | |
| Formatted contents note | Z |
| 520 ## - SUMMARY, ETC. | |
| Summary, etc. | Highlights the life and accomplishments of the inventor of the phonograph, the electric light bulb, and many other devices. |
| 521 ## - TARGET AUDIENCE NOTE | |
| Target audience note | 1050 |
| Source | Lexile |
| 521 ## - TARGET AUDIENCE NOTE | |
| Target audience note | Z |
| Source | Raz-Plus |
| 650 #0 - SUBJECT ADDED ENTRY--TOPICAL TERM | |
| Topical term or geographic name entry element | Inventors |
| Geographic subdivision | United States |
| Form subdivision | Biography |
| -- | Juvenile literature. |
| 650 #0 - SUBJECT ADDED ENTRY--TOPICAL TERM | |
| Topical term or geographic name entry element | Electrical engineers |
| Geographic subdivision | United States |
| Form subdivision | Biography |
| -- | Juvenile literature. |
| 650 #1 - SUBJECT ADDED ENTRY--TOPICAL TERM | |
| Topical term or geographic name entry element | Inventors. |
| 650 #1 - SUBJECT ADDED ENTRY--TOPICAL TERM | |
| Topical term or geographic name entry element | Electrical engineers. |
| 906 ## - LOCAL DATA ELEMENT F, LDF (RLIN) | |
| a | 7 |
| b | cbc |
| c | copycat |
| d | 2 |
| e | ncip |
| f | 20 |
| g | y-gencatlg |
| 942 ## - ADDED ENTRY ELEMENTS (KOHA) | |
| Source of classification or shelving scheme | Dewey Decimal Classification |
| Koha item type | Books |
| Suppress in OPAC | No |
| 999 ## - | |
| -- | 2447 |
| -- | 2447 |
| Withdrawn status | Lost status | Source of classification or shelving scheme | Damaged status | Not for loan | Collection | Home library | Current library | Shelving location | Date acquired | Total Checkouts | Full call number | Barcode | Date last seen | Copy number | Price effective from | Koha item type |
|---|---|---|---|---|---|---|---|---|---|---|---|---|---|---|---|---|
| Dewey Decimal Classification | Non-Fiction | Footprints International School Library Network Toul Kork Campus | Footprints International School Library Network Toul Kork Campus | 12/08/2023 | ADK 621.3092 TK140.E3 | FISSE01016 | 12/08/2023 | 1 | 12/08/2023 | Books | ||||||
| Dewey Decimal Classification | Non-Fiction | Footprints International School Library Network Toul Kork Campus | Footprints International School Library Network Toul Kork Campus | TTP Secondary Non-Fiction Bookshelves | 12/08/2023 | ADK 621.3092 TK140.E3 | FIS04592 | 09/27/2024 | 2 | 12/08/2023 | Books |
